00908 2200325 4500001002100000005001500021035002000036007000300056040001700059100004100076245006000117250001200177300004000189504002500229020001800254041000800272082001100280084001700291090002500308264003500333336002100368337003000389338002300419650001400442700003100456850001000487008004100497990002200538990002200560INLIS00000000000825220260526014846 a0010-0922000741ta aSBPUPADbind0 aSelviana Paramitha OktoraePengarang1 aMengenal & Memilih Pekerja /cSelviana Paramitha Oktora a.-Cet.1 ax, 122 hlm. :billus. ;c15 x 23 cm aBibliografi, hlm 120 a979-104-412-007aind a658.81 a658.81 SEL m a658.81 1 SEL m L21-7 a.--Jakarta :bVisimedia,c2018 2rdacontentateks 2rdamediaatanpa perantara 2rdacarrieravolume 4aInspirasi0 aEditor, Agung SePengarang aPUPAD260526 0  a9975/BR/KAPD/2009 a9976/BR/KAPD/2009